[Event "Chioggia op-B 11th"]
[Site "Chioggia"]
[Date "2016.10.09"]
[Round "5"]
[White "Alfier, Cecilia"]
[Black "Magnabosco, Mauro Denis"]
[Result "1-0"]
[WhiteElo "1640"]
[BlackElo "1806"]
[PlyCount "85"]
[EventDate "2016.10.07"]
[EventType "swiss"]
[EventRounds "5"]
[EventCountry "ITA"]
[SourceTitle "EXT 2022"]
[Source "ChessBase"]
[SourceDate "2021.10.06"]
[SourceVersion "1"]
[SourceVersionDate "2021.10.06"]
[SourceQuality "1"]

1. e4 c5 2. Nf3 e6 3. c3 Nf6 4. e5 Nd5 5. d4 cxd4 6. cxd4 d6 7. Nc3 dxe5 8. Nxe5 Nc6 9. Bb5 Bd7 10. Nxd7 Qxd7 11. 0-0 a6 12. Ba4 Be7 13. Bd2 0-0 14. Re1 Bf6 15. Be3 Rac8 16. Qf3 Rcd8 17. Rac1 b5 18. Bb3 Bxd4 19. Nxd5 exd5 20. Rxc6 Bxe3 21. Bxd5 Bd2 22. Re5 Rde8 23. Rxe8 Rxe8 24. g3 Qa7 25. Rxa6 Qe7 26. Rb6 b4 27. Rb7 Qf6 28. Qxf6 gxf6 29. Bxf7+ Kf8 30. Bxe8 Kxe8 31. Rxh7 Bc1 32. b3 Bb2 33. h4 Kf8 34. Kg2 Kg8 35. Rb7 Bc3 36. f4 Kf8 37. Kf3 Kg8 38. h5 Kh8 39. Ke4 Kg8 40. g4 Kf8 41. Kf5 Kg8 42. Kg6 Kf8 43. h6 1-0

[Event "Chioggia op-B 10th"]
[Site "Chioggia"]
[Date "2015.10.11"]
[Round "5"]
[White "Alfier, Cecilia"]
[Black "Marchetti, Daniele"]
[Result "1-0"]
[WhiteElo "1622"]
[BlackElo "1642"]
[PlyCount "37"]
[EventDate "2015.10.09"]
[EventType "swiss"]
[EventRounds "5"]
[EventCountry "ITA"]
[SourceTitle "EXT 2022"]
[Source "ChessBase"]
[SourceDate "2021.10.06"]
[SourceVersion "1"]
[SourceVersionDate "2021.10.06"]
[SourceQuality "1"]

1. e4 c5 2. Nf3 d6 3. d4 cxd4 4. Nxd4 a6 5. Bd3 Nf6 6. 0-0 e6 7. Nc3 Be7 8. Kh1 0-0 9. f4 Qc7 10. Qe2 Nc6 11. Nxc6 Qxc6 12. e5 Nd7 13. Bxh7+ Kxh7 14. Qh5+ Kg8 15. Rf3 Qxf3 16. gxf3 Nb6 17. f5 f6 18. Bh6 dxe5 19. Bxg7 1-0

[Event "Padova op-B 15th"]
[Site "Padova"]
[Date "2012.12.15"]
[Round "1"]
[White "Alfier, Cecilia"]
[Black "Aprile, Martino"]
[Result "0-1"]
[WhiteElo "1680"]
[BlackElo "1947"]
[PlyCount "86"]
[EventDate "2012.12.15"]
[EventType "swiss"]
[EventRounds "6"]
[EventCountry "ITA"]
[SourceTitle "EXT 2015"]
[Source "ChessBase"]
[SourceDate "2014.11.20"]
[SourceVersion "1"]
[SourceVersionDate "2014.11.20"]
[SourceQuality "1"]

1. e4 c6 2. d4 d5 3. exd5 cxd5 4. c4 Nf6 5. Nc3 e6 6. Nf3 Nbd7 7. Bd3 dxc4 8. Bxc4 b6 9. 0-0 Bb7 10. Re1 Be7 11. d5 exd5 12. Nxd5 Bxd5 13. Bxd5 Nxd5 14. Qxd5 0-0 15. Bf4 Bf6 16. Rad1 Nc5 17. Bd6 Re8 18. Rxe8+ Qxe8 19. b4 Na4 20. Qb3 Nc3 21. Re1 Qb5 22. h3 h6 23. Kh1 Re8 24. Rxe8+ Qxe8 25. Bg3 Qe2 26. a4 a6 27. Kg1 b5 28. a5 Qa2 29. Qxa2 Nxa2 30. Bd6 Bc3 31. Ne5 Nxb4 32. Bxb4 Bxb4 33. Nc6 Bd6 34. Kf1 Kf8 35. Ke2 Ke8 36. Kd3 Kd7 37. Nd4 g6 38. f3 Bc5 39. Nb3 Kd6 40. Ke4 f5+ 41. Kf4 Kd5 42. g4 fxg4 43. fxg4 b4 0-1

[Event "Chioggia op-B 07th"]
[Site "Chioggia"]
[Date "2012.10.12"]
[Round "1"]
[White "Alfier, Cecilia"]
[Black "Boscolo Bragadin, Aldo"]
[Result "1-0"]
[WhiteElo "1653"]
[BlackElo "1821"]
[PlyCount "53"]
[EventDate "2012.10.12"]
[EventType "swiss"]
[EventRounds "5"]
[EventCountry "ITA"]
[SourceTitle "EXT 2022"]
[Source "ChessBase"]
[SourceDate "2021.10.06"]
[SourceVersion "1"]
[SourceVersionDate "2021.10.06"]
[SourceQuality "1"]

1. e4 d5 2. exd5 Nf6 3. d4 Nxd5 4. Nf3 Bf5 5. c4 Nb6 6. Nc3 e6 7. Be2 Be7 8. 0-0 0-0 9. Be3 c6 10. Qd2 N8d7 11. Rad1 h6 12. d5 exd5 13. cxd5 cxd5 14. Nxd5 Be6 15. Nxe7+ Qxe7 16. Bd3 Nd5 17. Rfe1 Nxe3 18. Rxe3 Qf6 19. Nd4 Bd5 20. Rg3 Rfe8 21. Nf5 g5 22. Nxh6+ Qxh6 23. Rxg5+ Kf8 24. Rg8+ Kxg8 25. Qxh6 Ne5 26. Qh7+ Kf8 27. Qh8+ 1-0

[Event "Noale Szabados Memorial-B 5th"]
[Site "Noale"]
[Date "2012.02.04"]
[Round "3"]
[White "Rosina, Graziano"]
[Black "Alfier, Cecilia"]
[Result "1-0"]
[WhiteElo "1824"]
[BlackElo "1654"]
[PlyCount "61"]
[EventDate "2012.02.03"]
[EventType "swiss"]
[EventRounds "5"]
[EventCountry "ITA"]
[SourceTitle "EXT 2022"]
[Source "ChessBase"]
[SourceDate "2021.10.06"]
[SourceVersion "1"]
[SourceVersionDate "2021.10.06"]
[SourceQuality "1"]

1. Nf3 e6 2. c4 c5 3. d4 d5 4. e3 Nf6 5. Nc3 Nc6 6. a3 Be7 7. dxc5 Bxc5 8. b4 Bb6 9. Bb2 0-0 10. Be2 dxc4 11. Bxc4 Bd7 12. 0-0 Qe7 13. Na4 Bc7 14. Nc5 Rfd8 15. Nxb7 Rdb8 16. Nc5 a5 17. Bxf6 gxf6 18. Qxd7 Qxd7 19. Nxd7 Rd8 20. Nxf6+ Kh8 21. b5 Ne5 22. Rac1 Nxf3+ 23. gxf3 Be5 24. Ne4 Rg8+ 25. Kh1 Rg6 26. a4 Rag8 27. f4 Bb8 28. Rg1 e5 29. f5 Rxg1+ 30. Rxg1 f6 31. Rxg8# 1-0

[Event "Budapest FS07 FM-B"]
[Site "Budapest"]
[Date "2011.07.12"]
[Round "10"]
[White "Alfier, Cecilia"]
[Black "Balla, Attila"]
[Result "0-1"]
[WhiteElo "1654"]
[BlackElo "1722"]
[PlyCount "60"]
[EventDate "2011.07.02"]
[EventType "tourn"]
[EventRounds "10"]
[EventCountry "HUN"]
[SourceTitle "CBM 143 Extra"]
[Source "ChessBase"]
[SourceDate "2011.08.29"]
[SourceVersion "1"]
[SourceVersionDate "2011.08.29"]
[SourceQuality "1"]

1. e4 e5 2. Nf3 Nc6 3. Bb5 a6 4. Ba4 Nf6 5. 0-0 b5 6. Bb3 Bb7 7. c3 Bc5 8. d4 Bb6 9. Bc2 d6 10. Bg5 h6 11. Bh4 g5 12. Bg3 0-0 13. Qd3 Nh5 14. Nbd2 Qf6 15. Qe3 Nxg3 16. hxg3 exd4 17. Qd3 dxc3 18. e5 Qg7 19. Ne4 cxb2 20. Rab1 Nb4 21. Nf6+ Kh8 22. Qh7+ Qxh7 23. Bxh7 Bxf3 24. gxf3 Bd4 25. Be4 Nxa2 26. Kg2 Bxe5 27. Rh1 Bxf6 28. Rxh6+ Kg7 29. Rh7+ Kg8 30. Rbh1 Nc3 0-1

[Event "Budapest FS07 FM-B"]
[Site "Budapest"]
[Date "2011.07.03"]
[Round "2.3"]
[White "Alfier, Cecilia"]
[Black "Zsembery, Aron"]
[Result "0-1"]
[WhiteElo "1654"]
[BlackElo "1856"]
[PlyCount "142"]
[EventDate "2011.07.02"]
[EventType "tourn"]
[EventRounds "10"]
[EventCountry "HUN"]
[SourceTitle "CBM 143 Extra"]
[Source "ChessBase"]
[SourceDate "2011.08.29"]
[SourceVersion "1"]
[SourceVersionDate "2011.08.29"]
[SourceQuality "1"]

1. e4 c6 2. d4 d5 3. exd5 cxd5 4. c4 Nf6 5. Nc3 e6 6. Nf3 Be7 7. Bd3 0-0 8. 0-0 b6 9. cxd5 Nxd5 10. Be4 Bb7 11. Nxd5 Bxd5 12. Bxd5 Qxd5 13. Be3 Nc6 14. Rc1 Bf6 15. Qa4 Rac8 16. Rc3 a5 17. Rfc1 b5 18. Qc2 Nb4 19. Qb3 Rxc3 20. bxc3 Nc6 21. Rb1 b4 22. Qxd5 exd5 23. cxb4 axb4 24. Rc1 Ne7 25. Rc7 h6 26. Ne5 Ra8 27. h3 Rxa2 28. Rb7 Rb2 29. Nd3 Rb1+ 30. Kh2 b3 31. Nf4 Nf5 32. Nxd5 Bxd4 33. Ne7+ Nxe7 34. Bxd4 Nf5 35. Be3 Nxe3 36. fxe3 g6 37. Kg3 Kg7 38. Kf3 Rf1+ 39. Ke2 Rg1 40. Rxb3 Rxg2+ 41. Kf3 Rg5 42. e4 Ra5 43. Kf4 g5+ 44. Kg4 Kg6 45. Rb8 h5+ 46. Kf3 Ra3+ 47. Kg2 Ra2+ 48. Kf3 Ra3+ 49. Kg2 h4 50. Rg8+ Kf6 51. e5+ Kf5 52. Rg7 Rg3+ 53. Kh2 Ke6 54. Rh7 Rf3 55. Rh8 Kxe5 56. Re8+ Kf5 57. Rc8 Re3 58. Rc4 Re2+ 59. Kg1 Re4 60. Rc1 Kf4 61. Kf2 f5 62. Rc3 g4 63. hxg4 fxg4 64. Rc7 g3+ 65. Kg2 Re2+ 66. Kf1 Rf2+ 67. Kg1 Kg4 68. Rg7+ Kh3 69. Rg6 Ra2 70. Kf1 Ra1+ 71. Ke2 g2 0-1

[Event "Padova op-B 13th"]
[Site "Padova"]
[Date "2010.12.11"]
[Round "1.13"]
[White "Bettera, Roberto"]
[Black "Alfier, Cecilia"]
[Result "1/2-1/2"]
[WhiteElo "2009"]
[BlackElo "1675"]
[PlyCount "46"]
[EventDate "2010.12.11"]
[EventType "swiss"]
[EventRounds "6"]
[EventCountry "ITA"]
[SourceTitle "EXT 2024"]
[Source "ChessBase"]
[SourceDate "2023.10.10"]
[SourceVersion "1"]
[SourceVersionDate "2023.10.10"]
[SourceQuality "1"]

1. d4 e6 2. Nf3 d5 3. e3 Nf6 4. Bd3 c5 5. b3 b6 6. 0-0 Ba6 7. c4 Be7 8. Nbd2 Nbd7 9. Bb2 Bb7 10. Qc2 h6 11. Ne5 0-0 12. f4 Rc8 13. a3 cxd4 14. exd4 dxc4 15. bxc4 Qc7 16. Rfe1 a6 17. f5 Bd6 18. Ndf3 Rce8 19. Kh1 Re7 20. fxe6 Rxe6 21. Bf5 Re7 22. Qb3 Rfe8 23. Nxd7 Nxd7 1/2-1/2

[Event "Mogliano Veneto op-B 31st"]
[Site "Mogliano Veneto"]
[Date "2010.05.02"]
[Round "4"]
[White "Alfier, Cecilia"]
[Black "Della Sala, Bruno"]
[Result "1/2-1/2"]
[WhiteElo "1734"]
[BlackElo "1740"]
[PlyCount "120"]
[EventDate "2010.04.30"]
[EventType "swiss"]
[EventRounds "5"]
[EventCountry "ITA"]
[SourceTitle "EXT 2023"]
[Source "ChessBase"]
[SourceDate "2022.10.05"]
[SourceVersion "1"]
[SourceVersionDate "2022.10.05"]
[SourceQuality "1"]

1. e4 e5 2. Nf3 Nc6 3. Bb5 a6 4. Ba4 f5 5. d3 fxe4 6. dxe4 Nf6 7. 0-0 d6 8. Bg5 Be7 9. Bxf6 Bxf6 10. Bb3 Na5 11. Ba4+ b5 12. Bb3 Nxb3 13. axb3 Be6 14. Nbd2 0-0 15. c4 Qe8 16. Qe2 b4 17. Qe3 Qg6 18. Kh1 Be7 19. Rg1 Rf4 20. g3 Rf7 21. Ne1 Bg5 22. f4 exf4 23. gxf4 Bxf4 24. Rxg6 Bxe3 25. Rxe6 Bxd2 26. Nc2 Rd7 27. Nd4 Be3 28. Nf5 Kf7 29. Nxe3 Kxe6 30. Nd5 Ke5 31. Nxb4 Kxe4 32. Nxa6 c5 33. Nxc5+ dxc5 34. Rxa8 Rc7 35. Rd8 Kf3 36. Rf8+ Ke2 37. Rd8 Kf3 38. Rf8+ Ke3 39. Rd8 Rb7 40. Rg8 Kd3 41. Rc8 Kd4 42. Rd8+ Ke5 43. Rd5+ Ke4 44. Rxc5 Rxb3 45. Rb5 Rd3 46. Rg5 g6 47. Rg3 Rd2 48. b3 Rc2 49. h3 Kf4 50. Rg2 Rc3 51. Kh2 Rxb3 52. Rg4+ Kf5 53. Rg3 Rb2+ 54. Rg2 Rxg2+ 55. Kxg2 Ke4 56. Kg3 Kd4 57. Kg4 Kxc4 58. Kg5 Kd5 59. Kh6 Ke6 60. h4 Kf6 1/2-1/2

[Event "Noale Szabados Memorial-B 1st"]
[Site "Noale"]
[Date "2008.02.08"]
[Round "1"]
[White "Alfier, Cecilia"]
[Black "Menin, Massimo"]
[Result "1-0"]
[WhiteElo "1263"]
[BlackElo "1520"]
[PlyCount "135"]
[EventDate "2008.02.08"]
[EventType "swiss"]
[EventRounds "5"]
[EventCountry "ITA"]
[SourceTitle "EXT 2022"]
[Source "ChessBase"]
[SourceDate "2021.10.06"]
[SourceVersion "1"]
[SourceVersionDate "2021.10.06"]
[SourceQuality "1"]

1. e4 e5 2. Nf3 Nc6 3. Bb5 a6 4. Ba4 Nf6 5. d3 b5 6. Bb3 d6 7. Bg5 Be7 8. Bxf6 Bxf6 9. Bd5 Bb7 10. Nbd2 Rb8 11. 0-0 0-0 12. Nb3 Ne7 13. Bxb7 Rxb7 14. Qd2 c5 15. c4 b4 16. Nc1 Nc6 17. Ne2 Be7 18. a3 a5 19. axb4 axb4 20. Ra2 Qb6 21. Rfa1 Ra7 22. Rxa7 Nxa7 23. Qd1 Nc6 24. h3 f5 25. Nd2 f4 26. Qa4 Qc7 27. f3 Rf6 28. Nb3 Qd7 29. Na5 Nb8 30. Qxd7 Nxd7 31. Nc6 Bf8 32. Ra8 Rf7 33. Nc1 g5 34. Nd8 Re7 35. Nc6 Re6 36. Ne2 h5 37. g3 Kg7 38. Ra7 Rf6 39. Rxd7+ Rf7 40. Rxf7+ Kxf7 41. gxf4 gxf4 42. Nd8+ Ke7 43. Nb7 Kf6 44. h4 Ke6 45. Kf2 Be7 46. Kg2 Bxh4 47. Kh3 Bf6 48. Na5 Bd8 49. Nc6 Bc7 50. d4 exd4 51. Nxf4+ Kd7 52. Na7 d5 53. Nxd5 d3 54. Ne3 Bf4 55. Nd1 h4 56. Kxh4 Ke6 57. Kg4 Bb8 58. Nb5 Kf6 59. f4 d2 60. Kf3 Ke6 61. Ke3 Kf6 62. Kxd2 Bxf4+ 63. Kd3 Ke5 64. b3 Bh6 65. Nf2 Bg7 66. Ke3 Bh6+ 67. Kf3 Bg7 68. Nd3+ 1-0